| 000 | 01075cam a2200265Ii 4500 | ||
|---|---|---|---|
| 001 | 4593353 | ||
| 005 | 20040903221259.0 | ||
| 008 | 790621s1963 enk 001 0 eng d | ||
| 035 | _a(OCoLC)ocm05090073 | ||
| 035 | _a(NNC)4593353 | ||
| 040 |
_aTEJ _cTEJ _dUKM |
||
| 050 |
_aBT28 _b.S46 1963 |
||
| 100 | 1 |
_aSenarclens, Jacques de, _d1914- |
|
| 245 | 1 | 0 |
_aHeirs of the Reformation / _c[by] Jacques de Senarclens ; translated and edited by G. W. Bromiley ; with a foreword by T. F. Torrance. |
| 260 |
_aLondon : _bSCM, _c1963. |
||
| 300 |
_a343 p. ; _c22 cm. |
||
| 490 | 1 | _aThe Library of history and doctrine | |
| 500 | _a"Translated by G. W. Bromiley from Héritiers de la Réformation (2 vols.), Labor et Fides, Geneva, 1959."--p. [4] | ||
| 504 | _aBibliographical footnotes. | ||
| 650 | 0 |
_aTheology, Doctrinal _xHistory _y20th century. |
|
| 830 | 0 | _aLibrary of history and doctrine. | |
| 942 |
_2lcc _cBK |
||
| 999 |
_c16897 _d16897 |
||